Quizzes
Events
Quiz Creation
Community
Videos
Private Events
Remove Ads
Sign In
Join for FREE
Feedback
Dark Mode
Quiz Categories
Sports
Geography
Music
Movies
Television
Just For Fun
Miscellaneous
History
Literature
Language
Science
Gaming
Entertainment
Religion
Holiday
For Kids
Quiz Lab
Recent
Popular Today
Quiz Kudos Today
Editor Picks
Curator Picks
Quizzes by...
Day
Popularity
Type
Ratings
Length
Year
Community
Subscriptions
Recent Discussions
Orange Saloon
Badges
Playlists
Quests
Create
Leaderboards
Showdown
Live 5
Trivia Bingo
Activity
Puzzle Library
Sporcle Events
Private Events
Virtual Trivia
Globe League
Become a Host
Pub Owners
SporcleCon
Opinionation
Our Games
Videos
Blog
Mobile Apps
Partnerships
Remove Ads and Go Orange
Feedback
Movies
Disney
Marvel Cinematic Universe
Movie Resume
Movie Titles
Oscar
Actor
Actress
Director
Pixar
Role
Movie Quotes
Movie Characters
Box Office
Nominee
Best Picture
Star Wars
James Bond
Horror Movies
Movies
Disney
Marvel Cinematic Universe
Movie Resume
Movie Titles
Oscar
Actor
Actress
Director
Pixar
Role
Movie Quotes
Movie Characters
Box Office
Nominee
Best Picture
Star Wars
James Bond
Horror Movies
Random Quiz
Search Sporcle
×
Quiz Lab
Quiz Lab
Movies
Movie Cast
Select answers by clicking on text or image buttons
Select answers by clicking on text or image buttons
Clickable
Best Score? Go Orange.
Movie Cast Match (1978) Stats
Can you match these movies from 1978 with their three main cast members?
By
RiverDisc
10m
60 Questions
119 Plays
119 Plays
119 Plays
Comments
Comments
Give Quiz Kudos
Give Quiz Kudos
-
- Ratings
hide this ad
Forced Order
Answers have to be entered in order
Answers have to be entered in order
Replay
Link that replays current quiz
Next Quiz
Link to next quiz in quiz playlist
You Got
0%
They Got
Avg Score
36%
Avg Friend Score
Upgrade to see
Score Distribution
Jump to the score distribution portion of the page
Score
0/60
Timer
10:00
0
Plays Today
% Correct
Grease
73.1%
Jaws 2
66.4%
Animal House
65.5%
Halloween
63%
Up In Smoke
62.2%
The Wiz
61.3%
Coming Home
60.5%
The Deer Hunter
58.8%
Revenge of the Pink Panther
58%
Superman-The Movie
55.5%
Heaven Can Wait
54.6%
The Buddy Holly Story
53.8%
Every Which Way But Loose
52.9%
Foul Play
51.3%
Sgt. Pepper's Lonely Hearts Club Band
49.6%
Ice Castles
47.9%
Invasion of the Body Snatchers
47.1%
Pretty Baby
44.5%
The Boys From Brazil
42.9%
Goin' South
39.5%
An Unmarried Woman
39.5%
Force 10 From Navarone
37.8%
Same Time, Next Year
37.8%
Corvette Summer
37%
The Drunken Master
37%
Watership Down
37%
The Bad News Bears Go to Japan
36.1%
Coma
36.1%
Eyes of Laura Mars
35.3%
Return From Witch Mountain
35.3%
% Correct
F.I.S.T.
34.5%
Harper Valley P.T.A.
34.5%
Hooper
34.5%
Magic
32.8%
Convoy
31.9%
Days of Heaven
31.9%
Paradise Alley
31.9%
The Lord of the Rings
31.1%
Midnight Express
31.1%
Death on the Nile
28.6%
Autumn Sonata
27.7%
Capricorn One
27.7%
Thank God It's Friday
27.7%
The Wild Geese
26.9%
Damien: Omen II
26.1%
The Cat From Outer Space
25.2%
Big Wednesday
24.4%
Interiors
24.4%
The Driver
21.8%
The Fury
20.2%
Avalanche
17.6%
The Betsy
16.8%
Dawn of the Dead
16.8%
I Wanna Hold Your Hand
16.8%
Piranha
16.8%
I Spit On Your Grave
16%
Attack of the Killer Tomatoes
13.4%
FM
12.6%
Starcrash
11.8%
It Lives Again
7.6%
Quiz Playlist
Details
Report
Send in Message
Add To Playlist
Clickable:
Select answers by clicking on text or image buttons
Forced Order:
Answers have to be entered in order
Last Updated: Feb 16, 2017
Quiz Scoreboard
CHALLENGE
Sign Up to Join the Scoreboard
Show All
Scores
Hide
Comments
May contain spoilers
Recently Published
Movies - When Are They Set?
by FPL_Elf
Movies
5m
Popular People in 1961
by mucciniale
History
6m
1-10 Letter E Words III
by El_Dandy
Language
2m
More to Explore
Quiz From the Vault
Featured Blog Post
Where Did the Easter Bunny Come From?
hide this ad
You Might Also Like...
Tags
1978
Matching
Movie Cast
Today's Top Quizzes in Movies
Browse Movies
hide this ad
Today's Top Quizzes in Movie Cast
Browse Movie Cast
Top Contributed Quizzes in Movies
1
Multi-Oscar Nominations, One Movie, One Winner
2
12 Movies about Fictional 1960s Events
3
One Thing in Common: Movies
4
One Thing in Common: Movies II
5
Sunday Crossword: Film Score Composers
6
Three Word 'T' Movies Match Up
7
Three Word 'H' Movies Match Up
8
Three Word 'M' Movies Match Up
9
One Thing in Common: Oscars
10
Three Word 'P' Movies Match Up
Explore More
Trending Topics
Disney
Harry Potter
Crossword
Kpop
NBA
Anime
Marvel
NFL
Puzzle
Soccer
Song
WWE
The Office
Country
Pokémon
hide this ad
More By:
RiverDisc
Quiz
Plays
Rating
Category
Featured
Created
Tom Cruise Movie By Cast
1,932
4.41
Movies
May 23, 2016
Sci-Fi Movie by Robot
1,043
2.45
Movies
Feb 24, 2016
Bond Villain By Quote
826
4.67
Movies
Jul 19, 2016
Indiana Jones Movie by Location
423
4.50
Movies
Mar 1, 2016
Disney Movie by Celebrity Voice
332
5.00
Movies
Jun 9, 2016
Go to Creator's Profile
Score Distribution
Quiz Creator Spotlight
RiverDisc
Follow
Send a Message
Quizzes Created
-
Created Quiz Play Count
-
More By This Creator
Popular Quizzes Today
1
Find the US States - No Outlines Minefield
2
Find the Countries of Europe - No Outlines Minefield
3
The Countries of the World
4
Popular People in 1961
5
1-10 Letter E Words III
6
US States
7
Find the US States
8
One Thing in Common: World Cities II
More Movies Quizzes
Movie Photo Minefield: I
Quiz Lab
Trending Quizzes
Risky Map Clicking: Least Populous States A-Z
1-10 Letter F Words
1-10 Letter G Words
One Thing in Common: United Kingdom
Risky Map Clicking: Next State Alphabetically
Recently Updated
Leaping Animals
pecheneg
Reality TV Shows (A-Z)
bhenderson79
Rickey Henderson's Hall of Fame Teammates
pecheneg
Champions League XIs: Arsenal
pecheneg
Quick Pick: Celebrities in WWE's Hall of Fame
aduchscher
A-Z Keypad Blitz II
pecheneg
Multiple Oscar Actors
pecheneg
Mystery Phrase Blitz: Oscar 'Best Actors'
pecheneg
F. Scott Fitzgerald Novels
LTH
Pick 3 Villains
ddd62291
Trending Topics
NBA
Harry Potter
Disney
Kpop
Crossword
Anime
Marvel
The Office
Pokémon
Song
Country
Puzzle
WWE
NFL
Soccer
Your Account Isn't Verified!
In order to create a playlist on Sporcle, you need to verify the email address you used during registration. Go to your
Sporcle Settings
to finish the process.
Report this User
Report this user for behavior that violates our
Community Guidelines
.
Details:
Send Report
Go to the Sporcle.com Mobile Site →
Comments